[Event "CAN-ch U20 U1800"]
[Site "Toronto CAN"]
[Date "2018.08.09"]
[Round "3.28"]
[White "Gao, William"]
[Black "Wu, Ingrid"]
[Result "1-0"]
[WhiteElo "1529"]
[BlackElo "1374"]
[PlyCount "47"]
[EventDate "2018.08.08"]
[EventType "swiss"]
[EventRounds "9"]
[EventCountry "CAN"]

1. e4 c5 2. Nf3 d6 3. d4 cxd4 4. Nxd4 Nf6 5. Nc3 Nc6 6. Be3 e6 7. Bc4 Nxe4 8.
Nxe4 d5 9. Bd3 dxe4 10. Bxe4 Bd7 11. O-O Qc7 12. Qd2 Rd8 13. Rad1 Be7 14. f4
O-O 15. Qe2 a6 16. Rf3 e5 17. Nf5 Bf6 18. Rh3 Rfe8 19. Qh5 h6 20. Nxh6+ gxh6
21. Rg3+ Kf8 22. Qxh6+ Ke7 23. Bc5+ Ke6 24. f5# 1-0

[Event "CAN-ch U20 U1800"]
[Site "Toronto CAN"]
[Date "2018.08.09"]
[Round "3.29"]
[White "Gao, Lucy"]
[Black "Leblanc, Miguel"]
[Result "1-0"]
[WhiteElo "1509"]
[BlackElo "1290"]
[PlyCount "129"]
[EventDate "2018.08.08"]
[EventType "swiss"]
[EventRounds "9"]
[EventCountry "CAN"]

1. e4 d5 2. exd5 Nf6 3. d4 Nxd5 4. c4 Nb6 5. Nc3 e5 6. d5 c6 7. a3 cxd5 8. cxd5
Bc5 9. Nf3 O-O 10. Be2 Re8 11. O-O e4 12. Ng5 e3 13. Nge4 exf2+ 14. Nxf2 Bf5
15. b4 Bd6 16. Bb2 Qh4 17. g3 Bxg3 18. hxg3 Qxg3+ 19. Kh1 Qh4+ 20. Kg2 Re3 21.
Bf3 Qg5+ 22. Kh1 Qh4+ 23. Kg2 Nc4 24. Re1 Nxb2 25. Rxe3 Qg5+ 26. Ng4 Nd7 27.
Qd2 h6 28. Re2 Bxg4 29. Qxg5 Bxf3+ 30. Kxf3 hxg5 31. Rxb2 Rc8 32. Ne4 Ne5+ 33.
Kg2 Rc4 34. Nd6 Rg4+ 35. Kf1 Rf4+ 36. Rf2 Rh4 37. Ke2 b6 38. Rc1 Rd4 39. Rd1
Rxd1 40. Kxd1 a6 41. Rf5 f6 42. Ke2 Kf8 43. Ne4 Ke7 44. Rf1 Nc4 45. a4 Nd6 46.
Kd3 Nxe4 47. Kxe4 Kd6 48. Rc1 g6 49. Rc6+ Ke7 50. Rxb6 f5+ 51. Kf3 g4+ 52. Kg3
g5 53. Rxa6 f4+ 54. Kxg4 Kd7 55. b5 Kc7 56. Rf6 f3 57. Kxf3 g4+ 58. Kxg4 Kb7
59. a5 Kc7 60. a6 Kb8 61. b6 Kc8 62. Rf7 Kd8 63. a7 Ke8 64. Rb7 Kd8 65. a8=Q#
1-0

[Event "CAN-ch U20 U1800"]
[Site "Toronto CAN"]
[Date "2018.08.09"]
[Round "3.31"]
[White "Ramesh, Sanjay"]
[Black "Mukherjee, Pranoy"]
[Result "1-0"]
[WhiteElo "1578"]
[BlackElo "1425"]
[PlyCount "92"]
[EventDate "2018.08.08"]
[EventType "swiss"]
[EventRounds "9"]
[EventCountry "CAN"]

1. d4 Nf6 2. c4 g6 3. Nc3 d5 4. cxd5 Nxd5 5. e4 Nxc3 6. bxc3 Bg7 7. Be3 c5 8.
Nf3 O-O 9. Qd2 Qa5 10. Bc4 Nc6 11. Rc1 Rd8 12. d5 Bg4 13. Be2 Ne5 14. c4 Qxd2+
15. Bxd2 Bxf3 16. gxf3 Nd7 17. Rb1 Nb6 18. Ba5 Rd6 19. Rb5 Bd4 20. O-O e6 21.
Rfb1 exd5 22. cxd5 c4 23. Bxb6 Rxb6 24. Bxc4 Rc8 25. Rxb6 Bxb6 26. Bb3 Rd8 27.
Rc1 Kg7 28. e5 Re8 29. e6 fxe6 30. dxe6 Kf6 31. Rc4 Kg7 32. Re4 Re7 33. Kf1 Kf6
34. Ke2 Kf5 35. Rg4 Bc5 36. h4 h5 37. Rg5+ Kf4 38. Rxc5 b6 39. Rc8 g5 40. Rf8+
Ke5 41. Rf7 Rxe6 42. Bxe6 Kxe6 43. Rh7 gxh4 44. Rxh5 a5 45. Rxh4 b5 46. Ke3 a4
1-0

[Event "CAN-ch U20 U1800"]
[Site "Toronto CAN"]
[Date "2018.08.09"]
[Round "3.39"]
[White "Lee, Ethan"]
[Black "Balachandran, Kousihan"]
[Result "0-1"]
[WhiteElo "1121"]
[BlackElo "1479"]
[PlyCount "84"]
[EventDate "2018.08.08"]
[EventType "swiss"]
[EventRounds "9"]
[EventCountry "CAN"]

1. e4 c5 2. Nf3 Nc6 3. d4 cxd4 4. Nxd4 g6 5. Nc3 Bg7 6. Be3 Nf6 7. Bb5 O-O 8.
O-O a6 9. Ba4 b5 10. Bb3 b4 11. Nd5 Nxe4 12. Qf3 Nxd4 13. Bxd4 Nd2 14. Qd3 Nxf1
15. Nf4 Nxh2 16. Nxg6 Nf3+ 17. gxf3 Bxd4 18. Nxf8 Bxf2+ 19. Kxf2 Qb6+ 20. Kg2
Kxf8 21. Qxh7 Qg6+ 22. Qxg6 fxg6 23. Rh1 Kg7 24. Rh4 Bb7 25. Rxb4 Bc6 26. Ba4
Rc8 27. c3 a5 28. Rd4 Rb8 29. Bxc6 Rxb2+ 30. Kg3 dxc6 31. Ra4 Rb5 32. Re4 Rg5+
33. Kf2 Kf7 34. Rd4 Rc5 35. c4 Ke6 36. f4 Rf5 37. Kf3 g5 38. Re4+ Kd6 39. Kg4
Rxf4+ 40. Rxf4 gxf4 41. Kxf4 Kc5 42. Ke4 Kxc4 0-1

[Event "CAN-ch U20 U1800"]
[Site "Toronto CAN"]
[Date "2018.08.10"]
[Round "4.12"]
[White "Srinivas, Atharva"]
[Black "Mao, Fengxi"]
[Result "1/2-1/2"]
[WhiteElo "1588"]
[BlackElo "1522"]
[PlyCount "37"]
[EventDate "2018.08.08"]
[EventType "swiss"]
[EventRounds "9"]
[EventCountry "CAN"]

1. e4 e5 2. Nf3 Nc6 3. Bb5 a6 4. Ba4 Nf6 5. O-O Be7 6. Re1 b5 7. Bb3 O-O 8. c3
d5 9. d3 dxe4 10. dxe4 Qxd1 11. Rxd1 Bg4 12. Nbd2 Rad8 13. Re1 b4 14. h3 Be6
15. Bxe6 fxe6 16. Nc4 bxc3 17. bxc3 Rd3 18. Bb2 Rfd8 19. Rab1 1/2-1/2

[Event "CAN-ch U20 U1800"]
[Site "Toronto CAN"]
[Date "2018.08.10"]
[Round "4.13"]
[White "Hua, Michelle"]
[Black "Yang, Brett"]
[Result "1/2-1/2"]
[WhiteElo "1569"]
[BlackElo "1316"]
[PlyCount "71"]
[EventDate "2018.08.08"]
[EventType "swiss"]
[EventRounds "9"]
[EventCountry "CAN"]

1. c4 e5 2. Nc3 g6 3. g3 Bg7 4. Bg2 Ne7 5. d3 O-O 6. Nf3 d6 7. O-O Nbc6 8. Bg5
h6 9. Bd2 Be6 10. Rb1 Qc8 11. b4 Bh3 12. b5 Bxg2 13. Kxg2 Nd8 14. a4 c6 15. Qb3
Rb8 16. Rfc1 Ne6 17. Ne4 Qd7 18. Bb4 c5 19. Bd2 f5 20. Nc3 b6 21. e3 Rfd8 22.
e4 f4 23. Rf1 g5 24. h3 Rf8 25. Qd1 Rf7 26. g4 Rbf8 27. Ne2 Ng6 28. Neg1 Bh8
29. Kh1 Rh7 30. Nh2 Nh4 31. f3 Ng7 32. Rf2 Ne8 33. Ne2 Nf6 34. Nc3 h5 35. Qe2
hxg4 36. hxg4 1/2-1/2

[Event "CAN-ch U20 U1800"]
[Site "Toronto CAN"]
[Date "2018.08.10"]
[Round "4.14"]
[White "Xie, Austin"]
[Black "Ran, Charles"]
[Result "1-0"]
[WhiteElo "1590"]
[BlackElo "1679"]
[PlyCount "29"]
[EventDate "2018.08.08"]
[EventType "swiss"]
[EventRounds "9"]
[EventCountry "CAN"]

1. e4 Nc6 2. d4 d5 3. exd5 Qxd5 4. Nf3 Bg4 5. c4 Qe4+ 6. Be3 Nb4 7. Qa4+ Nc6 8.
Nc3 Qf5 9. d5 O-O-O 10. dxc6 Bxf3 11. gxf3 Qxf3 12. Qxa7 Qxc6 13. Qa8+ Kd7 14.
O-O-O+ Ke6 15. Qxd8 1-0

[Event "CAN-ch U20 U1800"]
[Site "Toronto CAN"]
[Date "2018.08.10"]
[Round "4.15"]
[White "Wang, Eric"]
[Black "Locham, Divjot"]
[Result "1/2-1/2"]
[WhiteElo "1677"]
[BlackElo "1373"]
[PlyCount "74"]
[EventDate "2018.08.08"]
[EventType "swiss"]
[EventRounds "9"]
[EventCountry "CAN"]

1. c4 Nf6 2. Nc3 c5 3. g3 Nc6 4. Bg2 e6 5. e4 e5 6. Nge2 d6 7. O-O Be7 8. d3
O-O 9. h3 Bd7 10. f4 Qc8 11. Kh2 Rb8 12. f5 a6 13. a4 b6 14. g4 h6 15. Ng3 Nh7
16. Nd5 Bd8 17. Nh5 f6 18. h4 Kf7 19. Ng3 Rh8 20. Rh1 Ne7 21. Kg1 Nxd5 22. exd5
Bc7 23. Ne4 Be8 24. Qf3 Bd7 25. Bd2 Ke7 26. b3 Kf7 27. Rf1 Qd8 28. Rf2 b5 29.
axb5 axb5 30. g5 hxg5 31. hxg5 Nxg5 32. Nxg5+ fxg5 33. Rxh8 Qxh8 34. Bxg5 Ra8
35. f6 Ra1+ 36. Bf1 g6 37. cxb5 Qh5 1/2-1/2

[Event "CAN-ch U20 U1800"]
[Site "Toronto CAN"]
[Date "2018.08.10"]
[Round "4.16"]
[White "Chakkoli, Anirud"]
[Black "Yuen, Noah"]
[Result "0-1"]
[WhiteElo "1416"]
[BlackElo "1675"]
[PlyCount "130"]
[EventDate "2018.08.08"]
[EventType "swiss"]
[EventRounds "9"]
[EventCountry "CAN"]

1. e4 c5 2. Nf3 d6 3. d4 cxd4 4. Nxd4 Nf6 5. Nc3 a6 6. Bc4 e6 7. Bb3 b5 8. O-O
Be7 9. Be3 O-O 10. a3 Qc7 11. f4 Nc6 12. f5 Nxd4 13. Bxd4 e5 14. Be3 Bb7 15.
Bg5 Nxe4 16. Nxe4 Bxe4 17. Bxe7 Qxe7 18. Qg4 Qb7 19. Rae1 d5 20. Rxe4 dxe4 21.
f6 g6 22. Qg5 Kh8 23. Qxe5 Rfe8 24. Qg5 Qb6+ 25. Kh1 Qd6 26. Qh6 Qf8 27. Qe3
Rad8 28. h4 Re5 29. g4 h5 30. gxh5 Rxh5 31. Qxe4 Re8 32. Qg4 Qh6 33. Rf4 g5 34.
Re4 Rxh4+ 35. Qxh4 Qxh4+ 36. Rxh4+ gxh4 37. Bxf7 Rf8 38. Bd5 Rxf6 39. Kg2 Kg7
40. Kh3 Rf4 41. b4 Rd4 42. Bb7 Rd6 43. Kxh4 Kf6 44. Kg4 Ke5 45. Bc8 Kd4 46. Bf5
Kc3 47. Kf4 Kb2 48. Ke5 Rd8 49. c4 bxc4 50. a4 c3 51. b5 axb5 52. axb5 c2 53.
Bxc2 Kxc2 54. b6 Rb8 55. Kd5 Rxb6 56. Kc5 Rb3 57. Kd5 Kc3 58. Ke5 Rb4 59. Kd5
Rc4 60. Ke5 Rd4 61. Ke6 Kd3 62. Ke5 Ke3 63. Kf5 Rd5+ 64. Kg4 Re5 65. Kh4 Kf3
0-1

[Event "CAN-ch U20 U1800"]
[Site "Toronto CAN"]
[Date "2018.08.10"]
[Round "4.17"]
[White "Qin, Vincent"]
[Black "Wang, Andrew"]
[Result "0-1"]
[WhiteElo "1644"]
[BlackElo "1452"]
[PlyCount "158"]
[EventDate "2018.08.08"]
[EventType "swiss"]
[EventRounds "9"]
[EventCountry "CAN"]

1. e4 e5 2. Nf3 Nf6 3. Nc3 Nc6 4. Bc4 Nxe4 5. Bxf7+ Kxf7 6. Nxe4 d5 7. Neg5+
Ke8 8. d4 e4 9. Ne5 Nxe5 10. dxe5 h6 11. Qh5+ Kd7 12. e6+ Ke7 13. Nf7 Qe8 14.
Qh4+ Kxe6 15. Nxh8 Be7 16. Qg4+ Kf6 17. Qg6+ Qxg6 18. Nxg6 Kxg6 19. Bf4 c5 20.
c3 Bf6 21. Bd6 d4 22. Rc1 b6 23. O-O Be6 24. Rfe1 Bf5 25. h3 Rd8 26. Bf4 d3 27.
Rcd1 Kf7 28. g4 Bh7 29. Kg2 g5 30. Bg3 Re8 31. Re3 b5 32. f3 exf3+ 33. Kxf3 Rd8
34. Be5 Bxe5 35. Rxe5 d2 36. Re2 Bc2 37. Rdxd2 Bd3 38. Rf2 c4 39. b3 Re8 40.
Kg3+ Kg6 41. Rf3 Kg7 42. bxc4 bxc4 43. Rfxd3 cxd3 44. Rxd3 Re7 45. c4 Rc7 46.
Rc3 Kf6 47. Kf3 Ke5 48. Ke3 Rc5 49. Kd3 Rc6 50. Kc2 Kd4 51. Kb3 Rb6+ 52. Kc2
Rc6 53. a3 Rxc4 54. Rxc4+ Kxc4 55. Kb2 a5 56. Kc2 a4 57. Kb2 Kd3 58. Ka2 Kc2
59. Ka1 Kb3 60. Kb1 Kxa3 61. Ka1 Kb4 62. Kb2 a3+ 63. Ka2 Kc3 64. Kxa3 Kd3 65.
Kb3 Ke3 66. Kc3 Kf3 67. Kd3 Kg3 68. Ke3 Kxh3 69. Kf3 Kh4 70. Kf2 Kxg4 71. Kg2
h5 72. Kh2 h4 73. Kg2 Kf4 74. Kf1 g4 75. Kg2 h3+ 76. Kh2 Kf3 77. Kg1 g3 78. Kh1
g2+ 79. Kg1 Ke2 0-1

[Event "CAN-ch U20 U1800"]
[Site "Toronto CAN"]
[Date "2018.08.10"]
[Round "4.18"]
[White "Gauthier, David"]
[Black "Han, Kevin"]
[Result "1-0"]
[WhiteElo "1622"]
[BlackElo "1081"]
[PlyCount "47"]
[EventDate "2018.08.08"]
[EventType "swiss"]
[EventRounds "9"]
[EventCountry "CAN"]

1. e4 e5 2. Nf3 Nc6 3. Bc4 Nf6 4. Ng5 d5 5. exd5 Na5 6. Bb5+ c6 7. dxc6 bxc6 8.
Bd3 h6 9. Ne4 Nd5 10. O-O g6 11. Re1 Bg7 12. Nbc3 O-O 13. Nc5 f5 14. Nb3 Nxb3
15. axb3 Nf4 16. Bc4+ Be6 17. Bxe6+ Nxe6 18. d3 Re8 19. Be3 a6 20. Na4 f4 21.
Bd2 Qh4 22. Bc3 Ng5 23. f3 Rad8 24. Qe2 1-0

[Event "CAN-ch U20 U1800"]
[Site "Toronto CAN"]
[Date "2018.08.10"]
[Round "4.19"]
[White "Liu, Henry"]
[Black "Ahmed, Syed Ibrahim"]
[Result "0-1"]
[WhiteElo "1542"]
[BlackElo "1608"]
[PlyCount "66"]
[EventDate "2018.08.08"]
[EventType "swiss"]
[EventRounds "9"]
[EventCountry "CAN"]

1. c4 Nf6 2. g3 c5 3. Bg2 g6 4. Nf3 Bg7 5. O-O O-O 6. Nc3 Nc6 7. d3 d6 8. Bd2
Bg4 9. Rb1 Qd7 10. a3 a5 11. Nb5 Bxf3 12. Bxf3 Ne5 13. Bg2 d5 14. b3 Nc6 15.
cxd5 Nd4 16. Nc3 Rfd8 17. Na4 Qb5 18. Nc3 Qa6 19. Be3 Rac8 20. Qd2 Nb5 21. Nxb5
Qxb5 22. b4 cxb4 23. axb4 a4 24. Bh6 Bxh6 25. Qxh6 Rc2 26. Bf3 a3 27. Ra1 Qxb4
28. Rfb1 Rb2 29. Qc1 Kg7 30. Kg2 Rc8 31. Qxc8 Rxb1 32. Ra2 Qe1 33. Rxa3 Qf1#
0-1

[Event "CAN-ch U20 U1800"]
[Site "Toronto CAN"]
[Date "2018.08.10"]
[Round "4.20"]
[White "Zhao, Jonathan"]
[Black "Gao, Lucy"]
[Result "0-1"]
[WhiteElo "1742"]
[BlackElo "1509"]
[PlyCount "58"]
[EventDate "2018.08.08"]
[EventType "swiss"]
[EventRounds "9"]
[EventCountry "CAN"]

1. d4 Nf6 2. Nf3 e6 3. Nbd2 b6 4. e4 d6 5. Bd3 Bb7 6. c3 Qe7 7. Qe2 e5 8. dxe5
dxe5 9. Nc4 Nbd7 10. Bg5 g6 11. Rd1 Bg7 12. b4 O-O 13. Qe3 Rfe8 14. O-O Rad8
15. h3 Qe6 16. Rfe1 Bxe4 17. Bxf6 Nxf6 18. Ng5 Rxd3 19. Rxd3 Qxc4 20. Nxe4 Nd5
21. Qd2 Rd8 22. a4 f5 23. Ng5 e4 24. Rg3 Be5 25. Rge3 Bf4 26. h4 Bxe3 27. Rxe3
Rd6 28. Rh3 Nxb4 29. Qf4 Nd3 0-1

[Event "CAN-ch U20 U1800"]
[Site "Toronto CAN"]
[Date "2018.08.10"]
[Round "4.21"]
[White "Zhou, Joey"]
[Black "Xiao, Edward"]
[Result "1-0"]
[WhiteElo "1692"]
[BlackElo "1488"]
[PlyCount "79"]
[EventDate "2018.08.08"]
[EventType "swiss"]
[EventRounds "9"]
[EventCountry "CAN"]

1. d4 d5 2. Bf4 Nf6 3. e3 e6 4. Nf3 Bd6 5. Bd3 O-O 6. Nbd2 Nc6 7. c3 Re8 8. Ne5
Ne7 9. g4 Ng6 10. h4 Nd7 11. Bxg6 fxg6 12. Ndf3 Nxe5 13. Nxe5 Rf8 14. g5 Bxe5
15. Bxe5 Rf5 16. f4 Bd7 17. h5 Qe8 18. h6 gxh6 19. Rxh6 Rc8 20. Qe2 Bb5 21. Qh2
Qf7 22. Kd2 Rd8 23. Rh1 Rd7 24. Qg1 a5 25. Qd1 c6 26. R1h2 b6 27. Qb3 Rb7 28.
a4 Bc4 29. Qa3 Rd7 30. b4 Rb7 31. b5 cxb5 32. Qd6 Qe7 33. Rxg6+ hxg6 34. Rh8+
Kf7 35. Rh7+ Ke8 36. Rxe7+ Rxe7 37. Bf6 Rxf6 38. gxf6 Rd7 39. Qxe6+ Kd8 40. f7
1-0

[Event "CAN-ch U20 U1800"]
[Site "Toronto CAN"]
[Date "2018.08.10"]
[Round "4.22"]
[White "Balachandran, Kousihan"]
[Black "Zhu, Matthew"]
[Result "0-1"]
[WhiteElo "1479"]
[BlackElo "1664"]
[PlyCount "68"]
[EventDate "2018.08.08"]
[EventType "swiss"]
[EventRounds "9"]
[EventCountry "CAN"]

1. e4 c5 2. Nf3 d6 3. d4 cxd4 4. Nxd4 Nf6 5. Nc3 a6 6. Be3 e5 7. Nb3 Be7 8. Bg5
Be6 9. Nd2 O-O 10. Bc4 Nbd7 11. O-O b5 12. Bd5 Nxd5 13. Bxe7 Nxe7 14. Nf3 Nf6
15. Ng5 h6 16. Nxe6 fxe6 17. Qd2 d5 18. exd5 exd5 19. Rfe1 Nc6 20. Rad1 d4 21.
Ne4 Nxe4 22. Rxe4 Qf6 23. f3 Rae8 24. Qd3 Kh8 25. Rg4 Qf5 26. Re4 Ne7 27. Qa3
Rf6 28. Rde1 Nd5 29. Qc5 Ne3 30. Re2 Qxe4 31. Kf2 Ref8 32. Ke1 Qh4+ 33. Kd2 Qg5
34. Ke1 Rxf3 0-1

[Event "CAN-ch U20 U1800"]
[Site "Toronto CAN"]
[Date "2018.08.10"]
[Round "4.23"]
[White "Xiang, Christopher"]
[Black "Chen, Richard"]
[Result "0-1"]
[WhiteElo "1640"]
[BlackElo "1271"]
[PlyCount "30"]
[EventDate "2018.08.08"]
[EventType "swiss"]
[EventRounds "9"]
[EventCountry "CAN"]

1. e4 d6 2. d4 Nf6 3. Nc3 g6 4. f4 Bg7 5. Nf3 O-O 6. Be3 Nbd7 7. Qd2 b6 8.
O-O-O Bb7 9. Bd3 c5 10. d5 a6 11. h3 b5 12. a3 Qa5 13. g4 b4 14. axb4 Qa1+ 15.
Nb1 Nxe4 0-1

[Event "CAN-ch U20 U1800"]
[Site "Toronto CAN"]
[Date "2018.08.10"]
[Round "4.24"]
[White "Yang, Henry"]
[Black "Gao, William"]
[Result "0-1"]
[WhiteElo "1419"]
[BlackElo "1529"]
[PlyCount "96"]
[EventDate "2018.08.08"]
[EventType "swiss"]
[EventRounds "9"]
[EventCountry "CAN"]

1. d4 Nf6 2. c4 e6 3. Nc3 Bb4 4. Qc2 O-O 5. Nf3 Re8 6. e3 b6 7. Bd3 Bb7 8. O-O
d6 9. a3 Bxc3 10. Qxc3 Nbd7 11. b4 Ne4 12. Qc2 f5 13. Bb2 Ndf6 14. Nd2 Nxd2 15.
Qxd2 Rf8 16. Qc3 Ne4 17. Bxe4 fxe4 18. d5 e5 19. g3 Qf6 20. Rad1 Bc8 21. f4
exf3 22. Rf2 Bh3 23. c5 Qh6 24. e4 Bg2 25. Bc1 Qh3 26. Rd3 Rf6 27. Rdxf3 Rxf3
28. Rxf3 Bxf3 29. Qxf3 Rf8 30. Qe2 bxc5 31. bxc5 dxc5 32. Be3 Rb8 33. Qd3 Rb2
34. Bf2 c4 35. Qd1 c3 36. Qc1 Rxf2 37. Kxf2 Qxh2+ 38. Kf3 Qb2 39. Qg5 Qxa3 40.
Qe3 Qb4 41. g4 c2 42. Qc1 Qc3+ 43. Kg2 Qd3 44. Qe1 Qd1 45. Qh4 Qe2+ 46. Kh3
Qe3+ 47. Kh2 Qh6 48. Qxh6 gxh6 0-1

[Event "CAN-ch U20 U1800"]
[Site "Toronto CAN"]
[Date "2018.08.10"]
[Round "4.25"]
[White "Cao, Bruce"]
[Black "Shi, Michael"]
[Result "0-1"]
[WhiteElo "1582"]
[BlackElo "1486"]
[PlyCount "72"]
[EventDate "2018.08.08"]
[EventType "swiss"]
[EventRounds "9"]
[EventCountry "CAN"]

1. e4 e5 2. Nf3 Nc6 3. Bc4 Nf6 4. O-O Bc5 5. Qe2 d6 6. h3 O-O 7. c3 Re8 8. b4
Bb6 9. a4 a6 10. d3 h6 11. Rd1 Be6 12. Bxe6 Rxe6 13. Nbd2 d5 14. exd5 Nxd5 15.
Nb1 Qf6 16. Be3 e4 17. Bxb6 exf3 18. Qa2 Nxb6 19. a5 Nd7 20. d4 Ne7 21. Nd2
fxg2 22. Re1 Nf8 23. Ne4 Qh4 24. Ng3 Qxh3 25. Rxe6 Nxe6 26. Qc2 g6 27. Re1 Nf5
28. Qb1 Nf4 29. Qe4 Nxg3 30. fxg3 Qh1+ 31. Kf2 Nh3+ 32. Ke2 g1=N+ 33. Kf1 Nf3+
34. Ke2 Qg2+ 35. Ke3 Qd2+ 36. Kxf3 Ng5+ 0-1

[Event "CAN-ch U20 U1800"]
[Site "Toronto CAN"]
[Date "2018.08.10"]
[Round "4.26"]
[White "Mugunthan, Vaamanan"]
[Black "Ramesh, Sanjay"]
[Result "1/2-1/2"]
[WhiteElo "1455"]
[BlackElo "1578"]
[PlyCount "59"]
[EventDate "2018.08.08"]
[EventType "swiss"]
[EventRounds "9"]
[EventCountry "CAN"]

1. e4 d5 2. exd5 Nf6 3. Nf3 Nxd5 4. Bc4 Bg4 5. h3 Bh5 6. g4 Bg6 7. d3 h6 8. Ne5
e6 9. Nxg6 fxg6 10. Qe2 c6 11. Qxe6+ Qe7 12. Bxd5 cxd5 13. Qxe7+ Bxe7 14. Nc3
Bb4 15. Bd2 Bxc3 16. Bxc3 O-O 17. O-O Nc6 18. Rae1 d4 19. Bd2 Rac8 20. c3 Rf3
21. cxd4 Rxd3 22. Bc3 Nxd4 23. Bxd4 Rxd4 24. Re2 Rcd8 25. Kg2 Kf7 26. Rfe1 R8d7
27. Re3 g5 28. Rf3+ Rf4 29. Rxf4+ gxf4 30. Re4 1/2-1/2

[Event "CAN-ch U20 U1800"]
[Site "Toronto CAN"]
[Date "2018.08.10"]
[Round "4.27"]
[White "Lei, Yanyu"]
[Black "Li, Wing"]
[Result "0-1"]
[WhiteElo "1427"]
[BlackElo "1569"]
[PlyCount "66"]
[EventDate "2018.08.08"]
[EventType "swiss"]
[EventRounds "9"]
[EventCountry "CAN"]

1. d4 d5 2. c4 c6 3. cxd5 cxd5 4. Nc3 Nf6 5. Bg5 e6 6. e3 Nc6 7. Bd3 Be7 8.
Nge2 O-O 9. Qd2 a6 10. h4 h6 11. Bf4 b5 12. f3 Nh5 13. O-O-O Nxf4 14. Nxf4 Bd7
15. g4 Bxh4 16. Ng2 Be7 17. f4 Rc8 18. Ne1 b4 19. Na4 Na5+ 20. Kb1 Bxa4 21. g5
Bxd1 22. gxh6 g6 23. Qg2 Kh7 24. Nf3 Bxf3 25. Qxf3 Nc4 26. Qh5 Qc7 27. a3 bxa3
28. Rg1 Rg8 29. Qh3 Nd2+ 30. Ka2 axb2 31. Bxg6+ Rxg6 32. Rxg6 b1=B+ 33. Kb2
Qc3# 0-1

[Event "CAN-ch U20 U1800"]
[Site "Toronto CAN"]
[Date "2018.08.10"]
[Round "4.28"]
[White "Wu, Ingrid"]
[Black "Han, Jonathan"]
[Result "0-1"]
[WhiteElo "1374"]
[BlackElo "1629"]
[PlyCount "84"]
[EventDate "2018.08.08"]
[EventType "swiss"]
[EventRounds "9"]
[EventCountry "CAN"]

1. e4 c5 2. Nf3 d6 3. d4 cxd4 4. Nxd4 Nf6 5. Nc3 a6 6. f3 e6 7. Be3 Be7 8. Qd2
Qc7 9. Be2 b5 10. a3 Bb7 11. O-O Nbd7 12. Kh1 Ne5 13. b3 Rc8 14. Na2 O-O 15.
Rac1 d5 16. exd5 Nxd5 17. b4 Rfd8 18. Bf2 Bf6 19. Rfd1 Nc4 20. Bxc4 Qxc4 21. c3
e5 22. Nf5 Nxb4 23. Nd6 Qxa2 24. axb4 Qxd2 25. Rxd2 Bg5 26. Nxc8 Rxd2 27. h4
Bd8 28. Be3 Rd3 29. Nd6 Rxd6 30. Bc5 Rd3 31. Re1 f6 32. Rc1 Kf7 33. Kg1 Ke6 34.
Kf2 f5 35. g3 Rxf3+ 36. Ke2 Rxg3 37. Bf2 Rf3 38. Rd1 Bc7 39. Rg1 Kf6 40. Be3
Rxe3+ 41. Kxe3 Bb6+ 42. Kd3 Bxg1 0-1

[Event "CAN-ch U20 U1800"]
[Site "Toronto CAN"]
[Date "2018.08.10"]
[Round "4.29"]
[White "Leblanc, Miguel"]
[Black "Jeyakumar, Bhavatharshan"]
[Result "0-1"]
[WhiteElo "1290"]
[BlackElo "1532"]
[PlyCount "68"]
[EventDate "2018.08.08"]
[EventType "swiss"]
[EventRounds "9"]
[EventCountry "CAN"]

1. e4 c5 2. Nf3 e6 3. d4 cxd4 4. Nxd4 Nc6 5. Nc3 a6 6. Be3 Qc7 7. Be2 Nf6 8.
O-O Be7 9. f4 d6 10. Qd2 Bd7 11. f5 e5 12. Nf3 Rc8 13. Na4 Nd4 14. Nc3 Nxe2+
15. Qxe2 Bc6 16. Nd2 b5 17. Qd3 b4 18. Nd5 Nxd5 19. exd5 Bb5 20. Qb3 Bxf1 21.
Rxf1 a5 22. Qa4+ Kf8 23. f6 Bxf6 24. Rxf6 gxf6 25. Bh6+ Ke7 26. Nf3 Qxc2 27. b3
Qd1+ 28. Kf2 Rc2+ 29. Kg3 Rg8+ 30. Kh4 Qxf3 31. Bf8+ Kxf8 32. Qd7 Qe4+ 33. Kh5
Rg5+ 34. Kh6 Qg6# 0-1

[Event "CAN-ch U20 U1800"]
[Site "Toronto CAN"]
[Date "2018.08.10"]
[Round "4.30"]
[White "Lee, Ethan"]
[Black "Stroganov, Victor"]
[Result "0-1"]
[WhiteElo "1121"]
[BlackElo "1445"]
[PlyCount "120"]
[EventDate "2018.08.08"]
[EventType "swiss"]
[EventRounds "9"]
[EventCountry "CAN"]

1. e4 e5 2. Nf3 Nc6 3. Nc3 Nf6 4. Bb5 a6 5. Ba4 b5 6. Bb3 Bc5 7. Nxe5 Nxe5 8.
d4 Bxd4 9. Qxd4 Nc6 10. Qd3 Bb7 11. O-O O-O 12. Re1 Re8 13. Bf4 b4 14. Nd5 Nxd5
15. exd5 Ne7 16. Bg5 h6 17. Bh4 g5 18. d6 gxh4 19. dxe7 Rxe7 20. Qg6+ Kf8 21.
Qxh6+ Kg8 22. Qg5+ Kf8 23. Qh5 Kg8 24. Re5 Rxe5 25. Qxe5 d6 26. Qe3 Qf8 27. Re1
Qg7 28. g3 h3 29. f4 Qxb2 30. f5 Qf6 31. g4 Qh4 32. Qg3 Qxg3+ 33. hxg3 Bf3 34.
g5 Kf8 35. f6 Re8 36. Rxe8+ Kxe8 37. Ba4+ c6 38. Kh2 Bg2 39. Bb3 d5 40. g4 Kd7
41. Kg3 Ke6 42. Kf2 Ke5 43. Kg3 c5 44. Ba4 c4 45. Be8 Ke6 46. Ba4 d4 47. Be8
Be4 48. Ba4 d3 49. cxd3 Bxd3 50. Kxh3 c3 51. Bb3+ Kd7 52. g6 Bxg6 53. Ba4+ Kd6
54. Kh4 c2 55. Bxc2 Bxc2 56. Kh5 Bb1 57. g5 Bxa2 58. g6 fxg6+ 59. Kxg6 Bc4 60.
Kg7 b3 0-1

[Event "CAN-ch U20 U1800"]
[Site "Toronto CAN"]
[Date "2018.08.10"]
[Round "5.11"]
[White "Yuen, Noah"]
[Black "Srinivas, Atharva"]
[Result "1-0"]
[WhiteElo "1675"]
[BlackElo "1588"]
[PlyCount "111"]
[EventDate "2018.08.08"]
[EventType "swiss"]
[EventRounds "9"]
[EventCountry "CAN"]

1. d4 d5 2. c4 c6 3. e3 Nf6 4. Nf3 e6 5. Nbd2 Nbd7 6. b3 Be7 7. Bb2 O-O 8. Bd3
b6 9. O-O Bb7 10. Rc1 c5 11. Ne5 Nxe5 12. dxe5 Ne4 13. Nxe4 dxe4 14. Bb1 Bc6
15. Qg4 Qc7 16. Bxe4 Bxe4 17. Qxe4 Rad8 18. Rfd1 Rd7 19. Bc3 Rfd8 20. Rxd7 Qxd7
21. Kf1 Qd3+ 22. Qxd3 Rxd3 23. Ke2 Rd7 24. Rd1 Rxd1 25. Kxd1 g5 26. g4 Kg7 27.
Ke2 Kg6 28. Kf3 f5 29. exf6 Bxf6 30. Bxf6 Kxf6 31. Ke4 a6 32. f4 h6 33. h3 a5
34. a4 Kf7 35. fxg5 hxg5 36. Ke5 Ke7 37. e4 Kf7 38. Kd6 Kf6 39. e5+ Kf7 40. Kc6
Ke7 41. Kxb6 Kd7 42. Kxa5 Kc6 43. Ka6 Kc7 44. Kb5 Kb7 45. Kxc5 Kc7 46. a5 Kb7
47. b4 Kc7 48. b5 Kb7 49. Kd6 Ka7 50. Kxe6 Kb7 51. Kd7 Ka7 52. e6 Kb8 53. e7
Kb7 54. e8=Q Ka7 55. b6+ Ka6 56. Qa8# 1-0

[Event "CAN-ch U20 U1800"]
[Site "Toronto CAN"]
[Date "2018.08.10"]
[Round "5.12"]
[White "Mao, Fengxi"]
[Black "Gauthier, David"]
[Result "1-0"]
[WhiteElo "1522"]
[BlackElo "1622"]
[PlyCount "81"]
[EventDate "2018.08.08"]
[EventType "swiss"]
[EventRounds "9"]
[EventCountry "CAN"]

1. e4 c5 2. Nf3 d6 3. d4 cxd4 4. Nxd4 Nf6 5. Nc3 a6 6. Be2 e5 7. Nb3 Be7 8. Be3
Be6 9. O-O O-O 10. Qd3 b5 11. a4 b4 12. Nd5 Bxd5 13. exd5 a5 14. c4 bxc3 15.
bxc3 Nbd7 16. Rab1 Nb6 17. Bxb6 Qxb6 18. Nd4 Qc7 19. Nc6 Rfc8 20. c4 Bd8 21.
Rb5 Nd7 22. Bg4 Ra6 23. Qh3 Rb6 24. Bxd7 Rxb5 25. axb5 Ra8 26. Bf5 g6 27. Bc2
Bg5 28. Rb1 Bd2 29. Qd3 Bg5 30. Ba4 Qb6 31. Qa3 e4 32. Qxd6 Qb7 33. b6 e3 34.
Nd4 exf2+ 35. Kxf2 Be7 36. Qc6 Qb8 37. b7 Qf4+ 38. Nf3 Rf8 39. b8=Q Rxb8 40.
Rxb8+ Qxb8 41. Qe8+ 1-0

[Event "CAN-ch U20 U1800"]
[Site "Toronto CAN"]
[Date "2018.08.10"]
[Round "5.13"]
[White "Ahmed, Syed Ibrahim"]
[Black "Hua, Michelle"]
[Result "1-0"]
[WhiteElo "1608"]
[BlackElo "1569"]
[PlyCount "73"]
[EventDate "2018.08.08"]
[EventType "swiss"]
[EventRounds "9"]
[EventCountry "CAN"]

1. c4 c5 2. Nc3 Nc6 3. g3 g6 4. Bg2 Bg7 5. e3 e6 6. Nge2 Nge7 7. d4 cxd4 8.
Nxd4 Nxd4 9. exd4 O-O 10. O-O Nf5 11. d5 Qc7 12. Qd3 e5 13. Rb1 d6 14. b4 Bd7
15. Rd1 Rac8 16. c5 Rfd8 17. Ne4 Ba4 18. Re1 dxc5 19. bxc5 Nd4 20. Bg5 Bc2 21.
Bxd8 Qxd8 22. Qa3 Bxb1 23. Rxb1 b6 24. c6 Qc7 25. d6 Qd8 26. c7 Qd7 27. Qxa7 f5
28. Bh3 Qc6 29. Qb8 Rf8 30. Qxb6 Qxe4 31. Bg2 Ne2+ 32. Kh1 Qg4 33. d7 f4 34.
d8=Q fxg3 35. Bd5+ Kh8 36. Qxf8+ Bxf8 37. Qf6+ 1-0